Teammates who combined for 50+ PPG - Statistics

General Stats
  • This quiz has been taken 17 times
  • The average score is 16 of 27
Answer Stats
Combined PPG
Season Teammate #1 Teammate #1 PPG Teammate #2 Teammate #2 PPG Team % Correct
57.2 2000-01 Shaquille O’Neal 28.7 Kobe Bryant 28.5 Los Angeles Lakers
94%
52.4 2001-02 Shaquille O’Neal 27.2 Kobe Bryant 25.2 Los Angeles Lakers
94%
52.2 1999-00 Shaquille O’Neal 29.7 Kobe Bryant 22.5 Los Angeles Lakers
94%
69.1 1961-62 Elgin Baylor 38.3 Jerry West 30.8 Los Angeles Lakers
88%
61.1 1962-63 Elgin Baylor 34 Jerry West 27.1 Los Angeles Lakers
88%
61.4 2019-20 James Harden 34.3 Russell Westbrook 27.2 Houston Rockets
88%
53.8 2013-14 Kevin Durant 32 Russell Westbrook 21.8 Oklahoma City Thunder
88%
51.6 2011-12 Kevin Durant 28 Russell Westbrook 23.6 Oklahoma City Thunder
88%
57.5 2002-03 Kobe Bryant 30 Shaquille O’Neal 27.5 Los Angeles Lakers
88%
52.2 2015-16 Stephen Curry 30.1 Klay Thompson 22.1 Golden State Warriors
76%
51.1 1991-92 Michael Jordan 30.1 Scottie Pippen 21 Chicago Bulls
76%
52.2 2010-11 LeBron James 26.7 Dwyane Wade 25.5 Miami Heat
65%
58.1 1964-65 Jerry West 31 Elgin Baylor 27.1 Los Angeles Lakers
65%
54.2 1986-87 Larry Bird 28.1 Kevin McHale 26.1 Boston Celtics
65%
52.5 1987-88 Larry Bird 29.9 Kevin McHale 22.6 Boston Celtics
65%
59.5 2023-24 Luka Dončić 33.9 Kyrie Irving 25.6 Dallas Mavericks
65%
55.8 1983-84 Kiki Vandeweghe 29.4 Alex English 26.4 Denver Nuggets
59%
53.7 2006-07 Carmelo Anthony 28.9 Allen Iverson 24.8 Denver Nuggets
47%
50.2 1994-95 Shaquille O’Neal 29.3 Anfernee Hardaway 20.9 Orlando Magic
47%
55.1 1982-83 Alex English 28.4 Kiki Vandeweghe 26.7 Denver Nuggets
35%
56.2 1965-66 Wilt Chamberlain 33.5 Hal Greer 22.7 Philadelphia 76ers
29%
72.3 1961-62 Wilt Chamberlain 50.4 Paul Arizin 21.9 Philadelphia Warriors
24%
61.5 1960-61 Wilt Chamberlain 38.3 Paul Arizin 23.2 Philadelphia Warriors
24%
59.9 1959-60 Wilt Chamberlain 37.6 Paul Arizin 22.3 Philadelphia Warriors
24%
53.2 2005-06 Allen Iverson 33 Chris Webber 20.2 Philadelphia 76ers
18%
50.4 1972-73 Kareem Abdul-Jabbar 30.2 Bob Dandridge 20.2 Milwaukee Bucks
12%
51.1 1984-85 Michael Jordan 28.2 Orlando Woolridge 22.9 Chicago Bulls
12%
No matching quizzes found
Score Distribution
Percent of People with Each Score
Percentile by Number Answered
Your Score History
You have not taken this quiz